| 000 | 00895cam a2200301 a 4500 | ||
|---|---|---|---|
| 001 | 12719541 | ||
| 003 | OSt | ||
| 005 | 20210914112641.0 | ||
| 008 | 020326s2003 caua 001 0 eng | ||
| 010 | _a 2002104357 | ||
| 020 | _a0534386369 | ||
| 035 | _a(DLC) 2002104357 | ||
| 038 | _akhadija | ||
| 040 |
_aDLC _cDLC _dDLC |
||
| 050 | 0 | 0 |
_aQA39.3 _b.S55 2003 |
| 082 | 0 | 0 |
_a510 _221 _b SMI |
| 100 | 1 |
_aSmith, Karl J. _939950 |
|
| 245 | 1 | 0 |
_aMathematics : _bIts Power and Utility / _cKarl J. Smith. |
| 250 | _a7th ed. | ||
| 260 |
_aPacific Grove, CA : _bBrooks/Cole, _cc2003. |
||
| 300 |
_axiv, 625 p. : _bill. ; _c25 cm. |
||
| 500 | _aIncludes index. | ||
| 563 | _aHardcover | ||
| 650 | 0 | _aMathematics. | |
| 906 |
_a7 _bcbc _corignew _d3 _eepcn _f20 _gy-gencatlg |
||
| 942 |
_2ddc _cBK |
||
| 999 |
_c31701 _d31701 |
||